Ground water in northwestern Pennsylvania / (Record no. 27262)

MARC details
000 -LEADER
fixed length control field 01305cam a22003011i 4500
001 - CONTROL NUMBER
control field gs 36000149
003 - CONTROL NUMBER IDENTIFIER
control field DLC
005 - DATE AND TIME OF LATEST TRANSACTION
control field 20260227111340.0
008 - FIXED-LENGTH DATA ELEMENTS--GENERAL INFORMATION
fixed length control field 760330s1936 pauab s001 0 eng
010 ## - LIBRARY OF CONGRESS CONTROL NUMBER
LC control number gs 36000149
035 ## - SYSTEM CONTROL NUMBER
System control number (OCoLC)2079039
040 ## - CATALOGING SOURCE
Original cataloging agency DLC
Transcribing agency PSrS
Modifying agency OCoLC
-- PSt
-- OCoLC
-- DLC
050 00 - LIBRARY OF CONGRESS CALL NUMBER
Classification number GB1025.P4
Item number L4
100 1# - MAIN ENTRY--PERSONAL NAME
Personal name Leggette, R. M.
Fuller form of name (Ralph Maxwell),
Dates associated with a name 1899-
245 10 - TITLE STATEMENT
Title Ground water in northwestern Pennsylvania /
Statement of responsibility, etc. by R. M. Leggette, with analyses by Margaret D. Foster, W. L. Lamar, and S. K. Love.
260 ## - PUBLICATION, DISTRIBUTION, ETC.
Place of publication, distribution, etc. Harrisburg :
Name of publisher, distributor, etc. Pa. Dept. of Internal Affairs, Topographic and Geologic Survey,
Date of publication, distribution, etc. 1936.
300 ## - PHYSICAL DESCRIPTION
Extent iv, 215 p. :
Other physical details ill., tables, diagrs., 4 fold. maps (in pocket) ;
Dimensions 24 cm.
490 1# - SERIES STATEMENT
Series statement Pennsylvania. Bureau of Topographic and Geologic Survey. Bulletin W3
500 ## - GENERAL NOTE
General note Prepared in cooperation between the United States Geological Survey and the Pennsylvania Topographic and Geologic Survey.
504 ## - BIBLIOGRAPHY, ETC. NOTE
Bibliography, etc. note Bibliography: p. 3-5.
650 #0 - SUBJECT ADDED ENTRY--TOPICAL TERM
Topical term or geographic name entry element Groundwater
Geographic subdivision Pennsylvania.
650 #0 - SUBJECT ADDED ENTRY--TOPICAL TERM
Topical term or geographic name entry element Geology
Geographic subdivision Pennsylvania.
700 1# - ADDED ENTRY--PERSONAL NAME
Personal name Foster, Margaret D.
Fuller form of name (Margaret Dorothy),
Dates associated with a name 1895-
700 1# - ADDED ENTRY--PERSONAL NAME
Personal name Lamar, William L.
Fuller form of name (William Luther),
Dates associated with a name 1905-
700 1# - ADDED ENTRY--PERSONAL NAME
Personal name Love, S. K.
Fuller form of name (Samuel Kenneth),
Dates associated with a name 1903-
710 2# - ADDED ENTRY--CORPORATE NAME
Corporate name or jurisdiction name as entry element Geological Survey (U.S.)
830 #0 - SERIES ADDED ENTRY--UNIFORM TITLE
Uniform title Bulletin W ;
Volume/sequential designation 3.

No items available.

Powered by Koha